| 000 | 00374nam a2200145Ia 4500 | ||
|---|---|---|---|
| 008 | 230312s9999||||xx |||||||||||||| ||und|| | ||
| 020 | _a81-312-2539-4 | ||
| 082 |
_a612 _bSHA-T |
||
| 100 | _aShah;Biren.N | ||
| 245 | 0 | _aTextbook of Pharmaceutical Industrial Management | |
| 260 |
_bElsevier _aIndia _c2010 |
||
| 300 | _a449 | ||
| 650 |
_aPharmacy _vPharmaceutics |
||
| 942 | _cBK | ||
| 999 |
_c9840 _d9840 |
||